000 03872nam a22004815a 4500
005 20100802154146.0
010 _aENG-96979
020 _a9788123755779
_c70.00
035 _aEN-80512
035 _aB-408466-483
037 _bTarun Books
037 _bDBAD/PUB
082 _aN
100 _aTiwana, Dalip Kaura
_924311
245 _aTwilight ;
_bmark of the nose-ring : two novellas /
_cby Dalip Kaur Tiwana ;translated by Narinderjit Kaur [and] Jai Ratan
260 _aNew Delhi
_bNational Book Trust
_c2009
270 _aNehru Bhawan, 5 Industrial Area, Phae-II, Vasant Kunj,
_bNew Delhi
_e110070
300 _a141 p.
_c23 cm(pbk)
490 _aAadan pradan
_924312
700 _aNarinderjīt Kaura
_93587
700 _aJai Ratan
_93588
942 _2ddc
_cEN
_mTIW
_hN
999 _c34910
_d34910